Petit Bac #25 - Communes Suisses - Statistiques

Statistiques générales
  • Ce quiz a été pris 1 427 fois
    1 077 depuis la dernière actualisation
  • Le résultat moyen est 11 sur 23
Statistiques - réponses
1ère Lettre Commune (10.000 hab. +) % Correct
B Bâle / Berne / Bienne / Bellinzone / Baar / Bulle / Bülach / Baden / Berthoud / Binningen / Brigue-Glis / Buchs / Brugg / Bassersdorf / Belp / Birsfelden
97%
G Genève / Glaris Nord / Gossau / Granges / Gland / Glaris Centre
91%
L Lausanne / Lugano / Lucerne / La Chaux-de-Fonds / Lancy / Locarno / Langenthal / Lyss / Liestal / Le Grand-Saconnex / La Tour-de-Peilz / Lenzbourg / Le Locle
91%
Z Zurich / Zoug / Zollikon / Zofingue / Zollikofen
90%
S Saint-Gall / Schaffhouse / Sion / Schlieren / Sierre / Soleure / Steffisburg / Schwytz / Stäfa / Spiez / Spreitenbach / Suhr / Sarnen / Steinhausen / Sursee
77%
N Neuchâtel / Nyon / Neuhausen am Rheinfall
73%
F Fribourg / Frauenfeld / Freienbach / Flawil
66%
M Montreux / Meyrin / Martigny / Muttenz / Monthey / Morges / Mendrisio / Meilen / Muri bei Bern / Münsingen / Münchenstein / Männedorf / Möhlin / Münchenbuchsee
64%
A Allschwil / Aarau / Adliswil / Arbon / Amriswil / Affoltern am Albis / Arth / Altstätten / Aesch / Aigle
56%
C Coire / Carouge / Cham / Chêne-Bougeries
54%
D Dübendorf / Dietikon / Delémont / Davos
54%
Y Yverdon-les-Bains
45%
V Vernier / Vevey / Volketswil / Versoix / Villars-sur-Glâne / Veyrier
44%
W Winterthour / Wetzikon / Wil / Wädenswil / Wettingen / Wohlen / Wallisellen / Weinfelden / Worb
41%
T Thoune / Thalwil / Thônex
33%
P Pully / Pratteln / Prilly / Pfäffikon / Plan-les-Ouates / Payerne
29%
O Opfikon / Onex / Olten / Ostermundigen / Oftringen / Oberwil
27%
R Rapperswil-Jona / Riehen / Renens / Reinach / Regensdorf / Rheinfelden / Richterswil / Rüti / Romanshorn / Risch-Rotkreuz
27%
K Köniz / Kriens / Kreuzlingen / Kloten / Küsnacht
23%
H Horgen / Herisau / Horw / Hinwil
22%
E Emmen / Einsiedeln / Ebikon / Écublens
19%
U Uster / Uzwil / Urdorf
9%
I Illnau-Effretikon / Ittigen
5%
Aucun quiz correspondant
Distribution des résultats
% des personnes avec chaque résultat
Percentile par nombre de réponses
Votre historique - résultats
Vous n’avez pas pris ce quiz depuis la dernière actualisation